00424nam a2200133Ia 4500008004100000020001400041245003500055260005200090516002000142650002200162650002800184830002600212856005200238150121s9999 xx 000 0 und d a2244-6435 aCLOUD /h[electronic resource] bUniversity of the Immaculate Conception,c2013. aElectronic text aComputer Science. aInformation Technology. aPhilippine E-Journals uhttp://www.ejournals.ph/index.php?journal=CLOUD